000 00846nam a22002777a 4500
003 UA-OsUOA
001 26359
007 ta
008 20040526b un ||||| |||| 00| 0 ukr d
100 _aХристиановский В.В.
700 _aЕрин В.Г.
700 _aТкаченко О.В.
090 _a519.85(076)
_bХ93
942 _cBK
040 _aUA-OsUOA
_brus
_cUA-OsUOA
_dUA-OsUOA
245 _aСборник задач по математическому программированию
_bУчебное пособие для студентов экономических вузов
300 _a336 с.
_bІлюстрації
955 _a0
041 _arus
080 _a519.85(076)
020 _a5-7763-0881-Х
260 _aКиев
_bУМК ВО
_c1992
044 _aRU
650 7 _2UDC
999 _c312681
_d312681